• 首页
  • 本馆介绍
  • 公告通知
  • 最新文献
  • 馆藏检索
  • 电子资源
  • 读者导购
  • 参考咨询
  • 我的图书馆
  • 登录
  • 详细信息显示
  • 放入我的书架
  • 预约/预借图书
  • 作者相关作品
  • 分类相关作品
  • 丛书相关作品
  • 出版社相关作品

书目信息

  • 表格格式
  • 工作单格式
  • 卡片格式
题名:
微处理机系统的设计开发和应用
    
 
作者: 吕维雪 著
分册:  
出版信息: 杭州   浙江大学出版社  1985
页数: 306页
开本: 26cm
丛书名:
单 册:
中图分类: TP368.1 , TN47
科图分类:
主题词: 微处理机-系统开发 , 系统开发-微处理机 , 大规模集成电路 , 超大规模集成电路
电子资源:
ISBN:
000 00789nam0 2200289 45
001 0185019600
005 20040519155212.6
010    @dCNY3.50
091    @a15337.003
100    @a19900923d1985 em y0chiy0121 ea
101 0  @achi
102    @aCN@b330000
105    @ay z 000yy
106    @ar
200 10 @a微处理机系统的设计开发和应用@Awei chu li ji xi tong de she ji kai fa he ying yong@f吕维雪著
210    @a杭州@c浙江大学出版社@d1985
215    @a306页@d26cm
606    @a微处理机-系统开发
606    @a系统开发-微处理机
606 0  @a大规模集成电路
606 0  @a超大规模集成电路
690    @aTP368.1@v3
690    @aTN47
701  0 @a吕维雪@Alv wei xue@4著
801  0 @aCN@b深圳图书馆@c20040519
801  2 @aCN@bNLC@c20040519
905    @f2@b139664-665@dTN47@e42
    
    微处理机系统的设计开发和应用/吕维雪著.-杭州:浙江大学出版社,1985
    306页;26cm
    
    
    ISBN :CNY3.50
    
●
相关链接 在E读中查询图书 在五车中查询图书 在当当中查询图书 在豆瓣中查询图书


正题名:微处理机系统的设计开发和应用     索取号:TN47/42         预约/预借

序号 登录号 条形码 馆藏地/架位号 状态 备注
1 0139664   001353519   第三借阅区/ [索取号:TN47/42] 在馆    
2 0139665   001353591   第三借阅区/ [索取号:TN47/42] 在馆    
3 0139666   001353555   第二样本阅览室/ [索取号:TN47/42] 在馆    
唐山师范学院图书馆 欢迎您!
大连网信软件有限公司© 版权所有